Advances in gas chromatography 1967
Wedi'i Gadw mewn:
| Prif Awdur: | |
|---|---|
| Fformat: | Llyfr |
| Iaith: | Saesneg |
| Cyhoeddwyd: |
Evanston
Preston Technical Abstract Company
1967
|
| Pynciau: | |
| Tagiau: |
Ychwanegu Tag
Dim Tagiau, Byddwch y cyntaf i dagio'r cofnod hwn!
|
MARC
| LEADER | 00000cam a2200000 a 4500 | ||
|---|---|---|---|
| 001 | UCG3166 | ||
| 003 | CL-VaPUC | ||
| 005 | 20210705133304.0 | ||
| 008 | 100812e19670000us 1 eng d | ||
| 082 | 0 | 4 | |a 544.92605 |b ZLA |2 21 |
| 100 | 1 | |a Zlatkis, Albert |e author |9 621659 | |
| 245 | 1 | 0 | |a Advances in gas chromatography 1967 |
| 260 | |a Evanston |b Preston Technical Abstract Company |c 1967 | ||
| 300 | |a 213 p | ||
| 583 | |a last modification |c 20190908 07:29:16 |k Rodrigo Vera | ||
| 650 | 0 | 0 | |a Cromatografía de gases |9 262812 |
| 650 | 0 | 7 | |a SIMPOSIO |2 CL-VaPUC |9 341152 |
| 942 | |c BK | ||
| 945 | |a mfarfan |d 20100812 00:00:00 | ||
| 546 | |a En Inglés | ||
| 536 | |a Preston Technical Abstract Company | ||
| 518 | |p Simposio Internacional, 4, Nueva York, 3 al 6 de Abril de 1967 | ||
| 999 | |c 384569 |d 384567 | ||